LIBRARY & INFORMATION CENTRE, KCAET, TAVANUR

ONLINE PUBLIC ACCESS CATALOGUE (OPAC)

Normal view MARC view
  • James Reeves

Entry Personal Name

Number of records used in: 1

001 - CONTROL NUMBER

  • control field: 5592

003 - CONTROL NUMBER IDENTIFIER

  • control field: OSt

005 - DATE AND TIME OF LATEST TRANSACTION

  • control field: 20231114105138.0

008 - FIXED-LENGTH DATA ELEMENTS

  • fixed length control field: 231114|| aca||aabn | a|a d

040 ## - CATALOGING SOURCE

  • Original cataloging agency: OSt
  • Transcribing agency: OSt

100 ## - HEADING--PERSONAL NAME

  • Personal name: James Reeves

670 ## - SOURCE DATA FOUND

  • Source citation: Work cat.: (OSt)17798: Lawrence, DH 5590, Selected Poems of D.H.Lawrence, 1951.
free website counter